[Event "World op 48th"]
[Site "ICC INT"]
[Date "2020.08.09"]
[Round "7"]
[White "Metpally, Jason"]
[Black "Vanapalli, Vishnu Surya"]
[Result "1/2-1/2"]
[WhiteElo "2204"]
[BlackElo "1918"]
[PlyCount "94"]
[EventDate "2020.08.07"]
[EventType "swiss"]
[EventRounds "9"]
[EventCountry "USA"]
[SourceTitle "CBM 197 Extra"]
[Source "ChessBase"]
[SourceDate "2020.09.30"]
[SourceVersion "1"]
[SourceVersionDate "2020.09.30"]
[SourceQuality "1"]

1. d4 d5 2. c4 dxc4 3. e3 Nf6 4. Bxc4 e6 5. Nf3 a6 6. Bd3 c5 7. 0-0 b5 8. b3 cxd4 9. Nxd4 e5 10. Nc2 Bb7 11. Re1 Nbd7 12. Bb2 Qc7 13. Nd2 Bd6 14. Bf1 Rc8 15. Rc1 Qb8 16. e4 Nc5 17. Ne3 0-0 18. Nf5 Rfd8 19. Qf3 g6 20. Ng3 Be7 21. Nb1 h5 22. Ba3 Kg7 23. Qe3 Ng4 24. Qe2 Rc7 25. f3 h4 26. Nh1 Nh6 27. Nf2 Ne6 28. Rxc7 Qxc7 29. Rc1 Qd7 30. Bxe7 Qxe7 31. Qb2 Nd4 32. a4 Qg5 33. Kh1 Bc8 34. axb5 axb5 35. Rc5 h3 36. g3 Nxf3 37. Qc1 Ng4 38. Nxh3 Qxc1 39. Rxc1 Bb7 40. Nc3 Rc8 41. Bxb5 Bxe4 42. Bf1 Nd4+ 43. Kg1 Ne3 44. Ng5 Bd5 45. Nxd5 Rxc1 46. Nxe3 Nxb3 47. Kf2 Nd2 1/2-1/2

[Event "World op 48th"]
[Site "ICC INT"]
[Date "2020.08.09"]
[Round "8"]
[White "Vanapalli, Vishnu Surya"]
[Black "Hu, Merric"]
[Result "1-0"]
[WhiteElo "1918"]
[BlackElo "2080"]
[PlyCount "93"]
[EventDate "2020.08.07"]
[EventType "swiss"]
[EventRounds "9"]
[EventCountry "USA"]
[SourceTitle "CBM 197 Extra"]
[Source "ChessBase"]
[SourceDate "2020.09.30"]
[SourceVersion "1"]
[SourceVersionDate "2020.09.30"]
[SourceQuality "1"]

1. e4 c5 2. Nf3 Nc6 3. d4 cxd4 4. Nxd4 Nf6 5. Nc3 g6 6. Bc4 Bg7 7. Be3 0-0 8. h3 d6 9. 0-0 Bd7 10. Qd2 Qa5 11. Nb3 Qc7 12. Be2 Na5 13. Nxa5 Qxa5 14. Rad1 Rfc8 15. Bd4 Bc6 16. Bxf6 Bxf6 17. Nd5 Qxd2 18. Nxf6+ exf6 19. Rxd2 Bxe4 20. c4 Rc6 21. g4 Rc7 22. f3 Bc6 23. Rxd6 Kg7 24. Rfd1 Re8 25. Kf2 Re6 26. b4 Rxd6 27. Rxd6 Rd7 28. Rxd7 Bxd7 29. Bd3 Be6 30. Ke3 f5 31. gxf5 gxf5 32. f4 Kf6 33. Kd4 Ke7 34. a3 f6 35. Be2 Kd6 36. c5+ Kc7 37. Bc4 Bd7 38. Bd5 a6 39. Bg8 h6 40. Kd5 Ba4 41. Bh7 Bd7 42. Bg6 Bc8 43. h4 Bd7 44. Bf7 b6 45. cxb6+ Kxb6 46. Kd6 Bc6 47. Bc4 1-0

[Event "World op 48th"]
[Site "ICC INT"]
[Date "2020.08.09"]
[Round "9"]
[White "Vanapalli, Vishnu Surya"]
[Black "Zong, Davis Jr"]
[Result "1-0"]
[WhiteElo "1918"]
[BlackElo "2129"]
[PlyCount "129"]
[EventDate "2020.08.07"]
[EventType "swiss"]
[EventRounds "9"]
[EventCountry "USA"]
[SourceTitle "CBM 197 Extra"]
[Source "ChessBase"]
[SourceDate "2020.09.30"]
[SourceVersion "1"]
[SourceVersionDate "2020.09.30"]
[SourceQuality "1"]

1. e4 e5 2. Nf3 Nc6 3. d4 exd4 4. Nxd4 Bc5 5. Nb3 Bb6 6. Nc3 Nf6 7. Qe2 0-0 8. Bg5 Nd4 9. Qd3 Nxb3 10. axb3 Bxf2+ 11. Ke2 Bb6 12. Nd5 Nxd5 13. Qxd5 Qe8 14. Kd2 c6 15. Qd6 Qxe4 16. Re1 Qd4+ 17. Qxd4 Bxd4 18. c3 Bb6 19. Be7 Re8 20. Bd6 Re6 21. Rxe6 dxe6 22. Bd3 Bd7 23. Rf1 f6 24. Kc2 Be8 25. Re1 e5 26. c4 Bd4 27. c5 Bf7 28. b4 a5 29. Ra1 a4 30. Kc1 Bb3 31. Ra3 Kf7 32. Bc2 Ke6 33. Bxb3+ Kf5 34. Bc2+ Ke6 35. Rxa4 Rxa4 36. Bxa4 e4 37. b5 cxb5 38. Bxb5 Kd5 39. Bd7 g6 40. Bf8 Bxc5 41. Bxc5 Kxc5 42. Kd2 Kd4 43. Be6 h6 44. Bf7 g5 45. g4 e3+ 46. Ke2 Ke4 47. Be6 b6 48. Bd7 Kf4 49. Bc8 Ke4 50. Bb7+ Kd4 51. Bf3 b5 52. b3 b4 53. Bb7 Kc3 54. Kxe3 Kxb3 55. Ke4 Kc3 56. Kf5 Kd4 57. Kxf6 b3 58. Bc8 Ke4 59. Kg6 Kf4 60. Bf5 b2 61. h3 Kg3 62. Kxh6 Kh4 63. Kg6 Kxh3 64. Kxg5 Kg3 65. Bb1 1-0

[Event "World op 48th"]
[Site "ICC INT"]
[Date "2020.08.07"]
[Round "1"]
[White "Vakhidov, Jahongir"]
[Black "Vanapalli, Vishnu Surya"]
[Result "1-0"]
[WhiteElo "2533"]
[BlackElo "1918"]
[PlyCount "61"]
[EventDate "2020.08.07"]
[EventType "swiss"]
[EventRounds "9"]
[EventCountry "USA"]
[SourceTitle "CBM 197 Extra"]
[Source "ChessBase"]
[SourceDate "2020.09.30"]
[SourceVersion "1"]
[SourceVersionDate "2020.09.30"]
[SourceQuality "1"]

1. c4 e6 2. Nc3 Nf6 3. e4 c5 4. e5 Ng8 5. Nf3 Nc6 6. d4 cxd4 7. Nxd4 Nxe5 8. Ndb5 d6 9. c5 dxc5 10. Bf4 a6 11. Bxe5 axb5 12. Qxd8+ Kxd8 13. 0-0-0+ Ke7 14. Bd6+ Kf6 15. Bxf8 c4 16. Ba3 Nh6 17. Nxb5 b6 18. Bxc4 Ba6 19. Kb1 Rhc8 20. Be2 Nf5 21. g4 Nh4 22. Rhg1 g5 23. Bb4 Rd8 24. a4 Bb7 25. b3 Be4+ 26. Kb2 Ng6 27. Nd6 Bd5 28. Bc4 Nf4 29. Bxd5 exd5 30. Nf5 h5 31. Be7+ 1-0

[Event "World op 48th"]
[Site "ICC INT"]
[Date "2020.08.07"]
[Round "2"]
[White "Vanapalli, Vishnu Surya"]
[Black "Poliannikov, Danila"]
[Result "0-1"]
[WhiteElo "1918"]
[BlackElo "2226"]
[PlyCount "142"]
[EventDate "2020.08.07"]
[EventType "swiss"]
[EventRounds "9"]
[EventCountry "USA"]
[SourceTitle "CBM 197 Extra"]
[Source "ChessBase"]
[SourceDate "2020.09.30"]
[SourceVersion "1"]
[SourceVersionDate "2020.09.30"]
[SourceQuality "1"]

1. e4 e5 2. Nf3 Nc6 3. d4 exd4 4. Nxd4 Bb4+ 5. c3 Bc5 6. Be3 Bb6 7. Nf5 Bxe3 8. Nxe3 Nf6 9. f3 0-0 10. c4 d6 11. Nc3 Be6 12. Qd2 Ne5 13. Be2 c6 14. 0-0-0 Qb6 15. Na4 Qa6 16. b3 b5 17. cxb5 cxb5 18. Nc3 Qa5 19. Nxb5 Qb6 20. Qd4 Qa5 21. Kb2 Rfd8 22. Nc3 Rab8 23. Ned5 Nfd7 24. Rc1 Nc5 25. Rhd1 Nc6 26. Qd2 Rd7 27. f4 Rdb7 28. Bc4 Nb4 29. Ra1 Bg4 30. Rdb1 Nxd5 31. Bxd5 Rc7 32. Qe3 Qb6 33. Re1 Be6 34. Rac1 a5 35. f5 Bxd5 36. Nxd5 Na4+ 37. Ka1 Qxe3 38. Nxe3 Nc5 39. Nd5 Ra7 40. Rc3 Re8 41. f6 Re6 42. Rg3 g6 43. Rge3 h5 44. e5 Rd7 45. exd6 Rexd6 46. Nc3 Rxf6 47. R3e2 Ne6 48. Ne4 Rf5 49. Kb2 Nf4 50. Ng3 Nxe2 51. Rxe2 Rfd5 52. Ne4 Kg7 53. Kc3 Rc7+ 54. Kb2 Rd1 55. Rf2 Rd3 56. Nd2 Rd5 57. Nc4 Rb5 58. Ka3 Rg5 59. Ka4 h4 60. Nxa5 Rc1 61. Nc4 Rh1 62. h3 Rg1 63. Ne3 Re1 64. Nc2 Re4+ 65. b4 Rg3 66. Ka5 Rc3 67. a4 Rec4 68. Ne1 Rb3 69. Nc2 Rb2 70. Ne3 Rcxb4 71. Rf1 Rb8 0-1

[Event "PNWCC Online Masters WOO"]
[Site "Chess.com INT"]
[Date "2020.07.06"]
[Round "8"]
[White "Vanapalli, Vishnu Surya"]
[Black "Morefield, Jason P"]
[Result "1/2-1/2"]
[WhiteElo "1918"]
[BlackElo "2227"]
[PlyCount "146"]
[EventDate "2020.07.04"]
[EventType "swiss (rapid)"]
[EventRounds "9"]
[EventCountry "USA"]
[SourceTitle "CBM 197 Extra"]
[Source "ChessBase"]
[SourceDate "2020.09.30"]
[SourceVersion "1"]
[SourceVersionDate "2020.09.30"]
[SourceQuality "1"]

1. e4 c5 2. Nf3 Nc6 3. d4 cxd4 4. Nxd4 Nf6 5. Nc3 e5 6. Ndb5 d6 7. Bg5 a6 8. Na3 b5 9. Nd5 Be7 10. Bxf6 Bxf6 11. c3 0-0 12. Nc2 Rb8 13. a4 bxa4 14. Ncb4 Nxb4 15. cxb4 Bb7 16. Rxa4 Bc6 17. Bxa6 Bxa4 18. Qxa4 g6 19. 0-0 Bg7 20. Qc6 Kh8 21. b5 Qh4 22. b6 Qxe4 23. b7 f5 24. Ne7 Qb4 25. Nc8 Qc5 26. Rc1 Qxc6 27. Rxc6 e4 28. Nb6 Bd4 29. Nd7 Rxb7 30. Bxb7 Rd8 31. Rxd6 Bxb2 32. Kf1 Kg7 33. Rd5 Ba3 34. Ke2 Be7 35. Ne5 Rxd5 36. Bxd5 Bd6 37. Nc4 Bxh2 38. Ke3 Bb8 39. Ke2 h5 40. Ne3 Kf6 41. Bc6 Ba7 42. Nc4 Bd4 43. Be8 Bc5 44. Bc6 Bd4 45. Ke1 Ke7 46. Ne3 Bc5 47. Bd5 Ba7 48. Kd2 Kf6 49. Kc3 h4 50. Bc6 Ke5 51. Be8 g5 52. Bg6 Bxe3 53. fxe3 f4 54. Kd2 f3 55. Ke1 g4 56. Kf2 g3+ 57. Kf1 f2 58. Ke2 Kd5 59. Bh7 Ke5 60. Bg8 Kf5 61. Bc4 Ke5 62. Ba6 Kf6 63. Bb7 Ke5 64. Bc6 Kf5 65. Bd7+ Kf6 66. Bb5 Ke5 67. Bc4 Kf5 68. Bb5 Ke5 69. Ba6 Kf6 70. Bb7 Ke5 71. Bc6 Kf5 72. Be8 Kf6 73. Bb5 Ke5 1/2-1/2

[Event "PNWCC Online Masters WOO"]
[Site "Chess.com INT"]
[Date "2020.07.04"]
[Round "1.16"]
[White "Hovhannisyan, Robert"]
[Black "Vanapalli, Vishnu Surya"]
[Result "1-0"]
[WhiteElo "2642"]
[BlackElo "1918"]
[PlyCount "61"]
[EventDate "2020.07.04"]
[EventType "swiss (rapid)"]
[EventRounds "9"]
[EventCountry "USA"]
[SourceTitle "CBM 197 Extra"]
[Source "ChessBase"]
[SourceDate "2020.09.30"]
[SourceVersion "1"]
[SourceVersionDate "2020.09.30"]
[SourceQuality "1"]

1. e4 e5 2. Nf3 Nc6 3. Bb5 a6 4. Ba4 Nf6 5. 0-0 Bc5 6. Bxc6 dxc6 7. Nxe5 Nxe4 8. Qe2 Qd5 9. Nd3 0-0 10. Nxc5 Nxc5 11. d3 Ne6 12. Be3 b6 13. Nc3 Qd7 14. Rae1 c5 15. f3 Bb7 16. Qf2 Rad8 17. Ne4 Kh8 18. Re2 Rfe8 19. Rfe1 Bd5 20. b3 f5 21. Nc3 Bc6 22. Qh4 Qf7 23. Bf4 Nd4 24. Re7 Qg6 25. Kf2 Rxe7 26. Rxe7 Re8 27. Bxc7 Nxc2 28. Ne2 Bb5 29. Nf4 Qc6 30. Be5 Nb4 31. Rxg7 1-0